Cinco semanas en globo /

Cuando la pasión por la aventura domina a un hombre como el doctor Fergusson, cabe la posibilidad de montarse en un globo aerostático e intentar la travesía de África. Así lo hará, acompañado de su amigo Dick y del criado Joe. Novela típicamente de aventuras, la sucesión de arriesgadas peripecias ma...

Descripción completa

Guardado en:
Autor Principal: Verne, Julio.
Otros Autores: Salabert, Juana; trad., Salabert, Miguel; ap., Riou, Édouard; il., De Montaut, Henri; il.
Formato: Libro
Idioma:Undetermined
Publicado: Madrid : Hyspamérica : Anaya, 1982.
Edición:1a ed.
Series:Mis libros. Aventuras
Materias:
Etiquetas: Agregar Etiqueta
Sin Etiquetas, Sea el primero en etiquetar este registro!
LEADER 01461nam a22002535a 4500
001 CEM.cems024948
008 251022s1982####sp############000#0#und#d
005 20251022152541.0
245 1 0 |a Cinco semanas en globo /  |c Jules Verne ; traducción Juana Salabert ; apéndice Miguel Salabert ; ilustración Riou y De Montaut. 
250 |a 1a ed. 
260 |a Madrid :  |b Hyspamérica :  |b Anaya,  |c 1982. 
300 |a 303 p. 
490 1 |a Mis libros. Aventuras 
520 |a Cuando la pasión por la aventura domina a un hombre como el doctor Fergusson, cabe la posibilidad de montarse en un globo aerostático e intentar la travesía de África. Así lo hará, acompañado de su amigo Dick y del criado Joe. Novela típicamente de aventuras, la sucesión de arriesgadas peripecias mantiene la tensión del lector hasta ese límite preciso que no puede rebasarse sin que se resienta el equilibrio y la verosimilitud de la historia. Con este título, avalado por un éxito triunfal, dio Verne principio a la serie de sus Viajes extraordinarios e inició una carrera novelística tan copiosa como interesante. 
020 |a 8475250467 
100 1 |a Verne, Julio. 
700 1 |a Salabert, Juana; trad. 
700 1 |a Salabert, Miguel; ap. 
700 1 |a Riou, Édouard; il. 
700 1 |a De Montaut, Henri; il. 
653 |a Literatura francesa 
653 |a Novela francesa 
653 |a Novela de aventuras 
859 |a CEMS  |b BIB. CEMS - 11 de abril  |h 843.8  |i V594-6a1  |p 30480.25  |t Ej.1